LIBRARY ONLINE CATALOGUE

Permanent way. volume II, the story of the Tanganyika railways. (Record no. 12674)

MARC details
000 -LEADER
fixed length control field 00507nam a22001812 4500
001 - CONTROL NUMBER
control field 0000001966
005 - DATE AND TIME OF LATEST TRANSACTION
control field 20151217155814.0
008 - FIXED-LENGTH DATA ELEMENTS--GENERAL INFORMATION
fixed length control field 070329s xx 000 0 eng d
040 ## - CATALOGING SOURCE
Original cataloging agency KABU
Transcribing agency KABU
050 #0 - LIBRARY OF CONGRESS CALL NUMBER
Classification number HE4323
Item number .H55
100 1# - MAIN ENTRY--PERSONAL NAME
Personal name Hill, M. F.
-- 0000151092
245 10 - TITLE STATEMENT
Title Permanent way. volume II, the story of the Tanganyika railways.
260 ## - PUBLICATION, DISTRIBUTION, ETC. (IMPRINT)
Place of publication, distribution, etc. Nairobi :
Name of publisher, distributor, etc. EAPH,
Date of publication, distribution, etc. 1957.
300 ## - PHYSICAL DESCRIPTION
Extent xii, 295 p.
908 ## - PUT COMMAND PARAMETER (RLIN)
Put command parameter 070329
950 ## - LOCAL HOLDINGS (RLIN)
-- 1
Holdings
Withdrawn status Lost status Source of classification or shelving scheme Not for loan Home library Current library Date acquired Total Checkouts Full call number Barcode Date last seen Price effective from Koha item type
    Library of Congress Classification   Kabarak, Main Campus Kabarak, Main Campus 17/12/2015   HE4323 .H55 002850 17/12/2015 17/12/2015 Africana Collection